000 00742nam a2200193Ii 4500
003 JO-AjNU
008 230605s9999||||xx |||||||||||||| ||und||
040 _aJO-AjNU
_bara
_erda
_cJO-AjNU
041 _aara
050 1 4 _aKRM3647.2007
100 3 _aعبدالسلام، سعيد سعد,
_eauthor
_932431
245 0 0 _aالوجيز فى قانون الإثبات فى المواد المدنية والتجارية طبقا لأحداث التعديلات الجديدة فى القانون 76لسنة 2007
264 3 1 _aد،م : د،ن ،2007
300 _a433ص
336 _atext
_btxt
_2rdacontent
337 _aunmediated
_bn
_2rdamedia
338 _avolume
_bnc
_2rdacarrier
650 4 _aقانون -- قانون الاثبات
_932432
999 _aA13092
_c16660
_d16660